Central Library OPAC University of Rajshahi

Jurisprudence and Legal Theory / (Record no. 10077)

MARC details
000 -LEADER
fixed length control field 00619nam a22002297a 4500
001 - CONTROL NUMBER
control field 10077
003 - CONTROL NUMBER IDENTIFIER
rucl marc code BD-RjUL
005 - DATE AND TIME OF LATEST TRANSACTION
control field 20211208234905.0
008 - FIXED-LENGTH DATA ELEMENTS--GENERAL INFORMATION
fixed length control field 140122r20011987ii ||| |||| 001 0 eng d
035 ## - SYSTEM CONTROL NUMBER
System control number (BD-RjUL)10124
040 ## - CATALOGING SOURCE
Original cataloging agency BD-RjUL
Language of cataloging eng
Transcribing agency BD-RjUL
041 ## - LANGUAGE CODE
Language code of text/sound track or separate title eng
082 04 - DEWEY DECIMAL CLASSIFICATION NUMBER
Edition number 19
Classification number 340.1
Author mark and year MAJ
100 1# - MAIN ENTRY--PERSONAL NAME
Personal name Mahajan, V.D
9 (RLIN) 31094
245 ## - TITLE STATEMENT
Title Jurisprudence and Legal Theory /
Statement of responsibility, etc. V.D Mahajan
250 ## - EDITION STATEMENT
Edition statement 5th ed
260 ## - PUBLICATION, DISTRIBUTION, ETC. (IMPRINT)
Place of publication, distribution, etc. Lalbagh :
Name of publisher, distributor, etc. Eastern Book Company,
Date of publication, distribution, etc. 1987 [reprinted 2001]
300 ## - PHYSICAL DESCRIPTION
Pagination xx,733 p. ;
Size 19cm.
504 ## - BIBLIOGRAPHY, ETC. NOTE
Bibliography, etc Includes Index
650 07 - SUBJECT ADDED ENTRY--TOPICAL TERM
Topical term or geographic name as entry element Jurisprudence.
9 (RLIN) 31095
942 ## - ADDED ENTRY ELEMENTS (KOHA)
Source of classification or shelving scheme Dewey Decimal Classification
Koha item type Books
Holdings
Lost status Source of classification or shelving scheme Damaged status Not for loan Collection code Permanent Location Current Location Shelving location Date acquired Source of acquisition Cost, normal purchase price Total Checkouts Full call number Date last seen Copy number Koha item type Date checked out
  Dewey Decimal Classification     Non-fiction Central Library, University of Rajshahi Central Library, University of Rajshahi   22/07/2003 Dhaka, Ankur Prakashani 108.00   340.1 MAJ 2001 22/01/2014 C-3 Books  
  Dewey Decimal Classification     Non-fiction Central Library, University of Rajshahi Central Library, University of Rajshahi   22/07/2003 Dhaka, Ankur Prakashani 108.00 1 340.1 MAJ 2001 03/01/2018 C-2 Books 17/12/2017